[Event "Eje Cafetero Region U12"]
[Site "Eje Cafetero"]
[Date "2009.03.23"]
[Round "6.10"]
[White "Garzon, Andres"]
[Black "Tamayo, Juan Jose"]
[Result "1-0"]
[WhiteElo "1400"]
[BlackElo "1400"]
[PlyCount "77"]
[EventDate "2009.03.23"]
[EventType "swiss"]
[EventRounds "7"]
[EventCountry "COL"]
[SourceTitle "EXT 2024"]
[Source "ChessBase"]
[SourceDate "2023.10.10"]
[SourceVersion "1"]
[SourceVersionDate "2023.10.10"]
[SourceQuality "1"]

1. e4 e5 2. Nf3 Nf6 3. d3 Bc5 4. Bg5 h6 5. Bxf6 Qxf6 6. Be2 Qd6 7. Nc3 b6 8. Nh4 a5 9. Nf5 Qc6 10. h3 d6 11. Nxg7+ Kf8 12. Nh5 Rg8 13. 0-0 Bxh3 14. Bf3 Qd7 15. Nf6 Qe6 16. Nxg8 Kxg8 17. Bh5 Bxg2 18. Kxg2 Kh7 19. Kh2 Nd7 20. Qg4 Qxg4 21. Bxg4 Nf6 22. Bf5+ Kg7 23. Rg1+ Kf8 24. Rg2 c6 25. Rag1 Ke7 26. a3 d5 27. exd5 cxd5 28. Rg7 Rh8 29. Bg6 Bd6 30. Rxf7+ Ke6 31. Rb7 Rg8 32. Bh5 Nxh5 33. Rxg8 Nf6 34. Rg6 Kf5 35. Rxh6 Ng4+ 36. Kg2 Nxh6 37. Nxd5 Ng4 38. Ne3+ Nxe3+ 39. fxe3 1-0

[Event "Eje Cafetero Region U12"]
[Site "Eje Cafetero"]
[Date "2009.03.23"]
[Round "3.13"]
[White "Tamayo, Nicolas"]
[Black "Garzon, Andres"]
[Result "0-1"]
[WhiteElo "1400"]
[BlackElo "1400"]
[PlyCount "46"]
[EventDate "2009.03.23"]
[EventType "swiss"]
[EventRounds "7"]
[EventCountry "COL"]
[SourceTitle "EXT 2024"]
[Source "ChessBase"]
[SourceDate "2023.10.10"]
[SourceVersion "1"]
[SourceVersionDate "2023.10.10"]
[SourceQuality "1"]

1. e4 e5 2. Nf3 Nf6 3. Nc3 d6 4. h3 Be7 5. Bc4 0-0 6. 0-0 c6 7. d3 b5 8. Bb3 a5 9. a3 a4 10. Ba2 d5 11. exd5 cxd5 12. Bg5 Nfd7 13. Bxe7 Qxe7 14. Nxd5 Qc5 15. c4 bxc4 16. dxc4 e4 17. Nd2 f5 18. Qh5 g6 19. Qh4 Nc6 20. Rae1 Nde5 21. Ne3 Ba6 22. Nb1 Bxc4 23. Nxc4 Nxc4 0-1